000 00602nam a2200241Ia 4500
001 8208
003 16510
005 20251020070830.0
008 ||||||n9999 ||| || ||
041 _aspa
082 _219
_a382
100 _aMeier, Gerald
_95870
245 0 _aComercio internacional y desarrollo
260 _aMéxico :
_bHerrero Hermanos,
_c1965.
300 _a177p
562 _e1
650 0 _aBalanza de pagos
_95576
650 0 _aComercio exterior
_95218
650 0 _aDesarrollo económico
_91884
650 0 _aPolítica comercial
_95607
942 _cBKM
999 _c8208
_d8208
526 _a116204